[Event "Challenge"]
[Site "http://www.queenalice.com/game.php?id=4673"]
[Date "2005.2.4"]
[Round "-"]
[White "pedro_eu"]
[Black "sfinks"]
[Result "0-1"]
[WhiteElo "1235"]
[BlackElo "1854"]

1. g4 d5 2. Nc3 Bxg4 3. h3 Bh5 4. a4 e5 5. Nb5 Nd7 6. Bg2 c6 7. Nc3 f5 8. a5 Bc5
9. Na4 Qxa5 10. c3 Be7 11. b4 Qc7 12. b5 cxb5 13. Nb2 Ngf6 14. d4 Qxc3+ 15. Bd2
Qxb2 16. dxe5 Qxe5 17. Bg5 Bb4+ 18. Kf1 O-O 19. h4 Bc3 20. Rc1 b4 21. Nf3 Qe6
22. Nd4 Bxd4 23. Qxd4 Qxe2+ 24. Kg1 a5 25. Rc7 Bf3 26. Bxf3 Qxf3 27. h5 Rfc8 28.
Rxb7 Rc4 29. Qb2 Rg4+ 30. Kf1 Qd1# 0-1

[Event "AUTO-OPEN-50"]
[Site "http://www.queenalice.com/game.php?id=4926"]
[Date "2005.2.6"]
[Round "1"]
[White "sfinks"]
[Black "Caloxa"]
[Result "1-0"]
[WhiteElo "1976"]
[BlackElo "1755"]

1. e4 e6 2. d4 d5 3. Nc3 c6 4. e5 Qa5 5. Be3 Bb4 6. Ne2 Ne7 7. a3 Bxc3+ 8. Nxc3
O-O 9. Qh5 h6 10. g4 Qb6 11. O-O-O a6 12. g5 Nf5 13. Rg1 Kh7 14. Bd3 g6 15. Bxf5
exf5 16. Qxh6+ Kg8 17. Bf4 Qc7 18. Rg3 f6 19. gxf6 Rxf6 20. exf6 Qxf4+ 21. Qxf4
Kf7 22. Qe5 Be6 23. Re1 1-0

[Event "AUTO-OPEN-50"]
[Site "http://www.queenalice.com/game.php?id=4927"]
[Date "2005.2.6"]
[Round "1"]
[White "Caloxa"]
[Black "sfinks"]
[Result "1-0"]
[WhiteElo "1711"]
[BlackElo "1930"]

1. d4 Nf6 2. c4 e5 3. dxe5 Ng4 4. Qd4 d6 5. Nf3 Nc6 6. Qe4 dxe5 7. Bd2 Bc5 8. e3
f5 9. Qd5 Qe7 10. Bc3 Be6 11. Qd1 f4 12. Qb3 fxe3 13. fxe3 O-O 14. Qxb7 Nb4 15.
Bxb4 Bxb4+ 16. Nc3 Rad8 17. Qc6 Nxe3 18. Rc1 Bf5 19. a3 Bxc3+ 20. Rxc3 Nc2+ 21.
Rxc2 Bxc2 22. Be2 e4 23. O-O exf3 24. Bxf3 Bd3 25. Bd5+ Kh8 26. Ra1 Rd6 27. Qb7
1-0

[Event "Challenge"]
[Site "http://www.queenalice.com/game.php?id=5216"]
[Date "2005.2.14"]
[Round "-"]
[White "JimMorrisson"]
[Black "sfinks"]
[Result "0-1"]
[WhiteElo "1997"]
[BlackElo "1882"]

1. e4 c6 2. d4 d5 3. Nc3 dxe4 4. Nxe4 Bf5 5. Ng3 Bg6 6. N1e2 Nf6 7. Nf4 e5 8.
Nxg6 hxg6 9. dxe5 Qa5+ 10. Bd2 Qxe5+ 11. Be2 Nbd7 12. c3 O-O-O 13. Qa4 Nc5 14.
Qxa7 Nd3+ 15. Kd1 Nxb2+ 16. Kc1 Bc5 17. Qa8+ Kc7 18. Qa5+ Kb8 19. f4 Qd6 20.
Kxb2 Qxd2+ 21. Kb3 Qe3 22. Bf3 Bb6 23. Qb4 Nd5 24. Bxd5 Rxd5 25. Rae1 Qd2 26.
Re2 Qd3 27. a4 Qa6 28. Qe7 Rhd8 29. Qxf7 Bc7 30. Rhe1 c5 31. Ka3 b5 32. Kb2 Qxa4
33. Rc2 b4 34. Rec1 Qa3+ 35. Kb1 b3 36. Rb2 c4 0-1

[Event "Challenge"]
[Site "http://www.queenalice.com/game.php?id=5217"]
[Date "2005.2.14"]
[Round "-"]
[White "sfinks"]
[Black "JimMorrisson"]
[Result "1-0"]
[WhiteElo "1934"]
[BlackElo "1997"]

1. e4 c5 2. Nf3 Nc6 3. d4 cxd4 4. Nxd4 g6 5. Nc3 Bg7 6. Be3 Nf6 7. Bc4 O-O 8.
Bb3 d6 9. f3 Bd7 10. Qd2 Nxd4 11. Bxd4 b5 12. a3 a5 13. Rd1 b4 14. axb4 axb4 15.
Na2 Qa5 16. Nxb4 Rfb8 17. c3 Qb5 18. Qe2 Qa5 19. Bc4 e5 20. Be3 Rxb4 21. cxb4
Qxb4+ 22. Bd2 Qxb2 23. O-O Rc8 24. Kh1 h5 25. Rb1 Qd4 26. Bb3 Qa7 27. Ra1 Qb6
28. Rfb1 Qd8 29. Ra6 Bf8 30. Bg5 Kg7 31. Qa2 Qe8 32. Ra1 Be7 33. Be3 h4 34. h3
Rb8 35. Rc1 Bb5 36. Ra7 Nd7 37. Rcc7 Bd8 38. Rcb7 Rxb7 39. Rxb7 Bc6 40. Ra7 Be7
41. Qa6 Nb8 42. Qa5 Kf6 43. Qc7 g5 44. f4 1-0

[Event "Challenge"]
[Site "http://www.queenalice.com/game.php?id=5218"]
[Date "2005.2.14"]
[Round "-"]
[White "dnptrs"]
[Black "sfinks"]
[Result "0-1"]
[WhiteElo "1770"]
[BlackElo "1791"]

1. d4 Nf6 2. Nf3 d5 3. c4 e6 4. Nc3 Be7 5. cxd5 exd5 6. e3 O-O 7. Be2 c6 8. O-O
Re8 9. Qb3 Nbd7 10. Ne5 Bf8 11. f3 Nxe5 12. dxe5 Rxe5 13. Bd2 Rh5 14. h3 Qd6 15.
f4 Rh4 16. Bf3 Rb8 17. Ne2 Bf5 18. Be1 Rh6 19. g4 Be4 20. Kg2 Qd7 21. Bg3 Re8
22. f5 Bxf3+ 23. Rxf3 Ne4 24. Rd1 Ng5 25. Rff1 Qe7 0-1

[Event "Challenge"]
[Site "http://www.queenalice.com/game.php?id=5219"]
[Date "2005.2.14"]
[Round "-"]
[White "sfinks"]
[Black "dnptrs"]
[Result "1-0"]
[WhiteElo "1500"]
[BlackElo "1779"]

1. e4 c5 2. Nf3 e6 3. d4 cxd4 4. Nxd4 Nf6 5. Nc3 d6 6. Be2 Be7 7. O-O O-O 8. Be3
Nc6 9. f4 a6 10. Qe1 e5 11. fxe5 dxe5 12. Nxc6 bxc6 13. Qg3 Qc7 14. Rad1 Bb7 15.
Kh1 Rfd8 16. Bh6 Ne8 17. Bc4 Rxd1 18. Nxd1 Kh8 19. Rxf7 1-0

[Event "Challenge"]
[Site "http://www.queenalice.com/game.php?id=5717"]
[Date "2005.2.22"]
[Round "-"]
[White "NextFuture"]
[Black "sfinks"]
[Result "0-1"]
[WhiteElo "1875"]
[BlackElo "1670"]

1. c4 e6 2. g3 d5 3. Bg2 Nf6 4. Nf3 Be7 5. Nc3 d4 6. Nb5 Nc6 7. O-O a6 8. Na3
O-O 9. d3 e5 10. Nc2 Re8 11. Rb1 Bf8 12. b4 Bf5 13. Nh4 Be6 14. Bd2 Qd7 15. a4
Bg4 16. Re1 h6 17. b5 axb5 18. axb5 Nd8 19. Ra1 Rxa1 20. Qxa1 Bh3 21. Qa7 Bxg2
22. Kxg2 c5 23. bxc6 Nxc6 24. Qa4 e4 25. Qb5 Re5 0-1

[Event "Challenge"]
[Site "http://www.queenalice.com/game.php?id=5770"]
[Date "2005.2.23"]
[Round "-"]
[White "ayrton"]
[Black "sfinks"]
[Result "0-1"]
[WhiteElo "1488"]
[BlackElo "1881"]

1. e4 e5 2. Bc4 Nc6 3. Qf3 Nf6 4. Ne2 Bc5 5. d4 exd4 6. a3 O-O 7. Bd3 Re8 8. b4
Ne5 9. Qg3 Bb6 10. Bf4 Nh5 11. Qg5 Nxf4 12. Nxf4 Qxg5 13. g3 Nxd3+ 14. cxd3 d5
15. Nxd5 Qc1+ 16. Ke2 Qxh1 17. h4 Bg4+ 18. f3 Qxf3+ 19. Kd2 Qd1# 0-1

[Event "Challenge"]
[Site "http://www.queenalice.com/game.php?id=5836"]
[Date "2005.2.23"]
[Round "-"]
[White "mandaragit"]
[Black "sfinks"]
[Result "1/2-1/2"]
[WhiteElo "2073"]
[BlackElo "1854"]

1. d4 Nf6 2. c4 g6 3. Nc3 Bg7 4. e4 d6 5. Nf3 O-O 6. Be2 e5 7. O-O Nc6 8. d5 Ne7
9. Ne1 Ne8 10. Be3 f5 11. f3 f4 12. Bf2 h5 13. c5 g5 14. a4 Kh8 15. a5 dxc5 16.
Bxc5 Nd6 17. Nd3 Rg8 18. b4 Bf6 19. Nf2 Bd7 20. b5 b6 21. axb6 axb6 22. Rxa8
Qxa8 23. Bb4 Qe8 24. Bxd6 cxd6 25. h3 Qc8 26. Na4 Qc7 27. Qb1 Rc8 1/2-1/2

[Event "Challenge"]
[Site "http://www.queenalice.com/game.php?id=7243"]
[Date "2005.3.18"]
[Round "-"]
[White "corvalao"]
[Black "sfinks"]
[Result "1-0"]
[WhiteElo "2116"]
[BlackElo "1872"]

1. e4 e5 2. Nf3 Nc6 3. d4 exd4 4. Nxd4 Nf6 5. Nxc6 bxc6 6. e5 Qe7 7. Qe2 Nd5 8.
c4 Nb6 9. Nc3 Ba6 10. b3 O-O-O 11. Bb2 Re8 12. f4 f6 13. O-O-O fxe5 14. Qxe5
Qxe5 15. fxe5 Rxe5 16. Bd3 Rg5 17. g3 Kb7 18. Rhe1 Rh5 19. Rd2 Bd6 20. a3 Rf8
21. Na2 g6 22. Nb4 1-0